[Event "DM Kort Paaske 1 Grp1 2025"]
[Site "Svendborg"]
[Date "2025.04.12"]
[Round "1"]
[White "Ringsmose, Christian"]
[Black "Wahlgreen, Noah Krug"]
[Result "0-1"]
[WhiteElo "1944"]
[BlackElo "2076"]
[WhiteFideId "1451669"]
[BlackFideId "1457349"]
[EventDate "2025.04.12"]
[EventType "swiss"]
[EventRounds "5"]
[EventCountry "DEN"]
[SourceTitle "Live v. Kasper Jerwiarz"]

1. e4 c6 2. d4 d5 3. exd5 cxd5 4. Bd3 Nc6 5. c3 Qc7 6. h3 e6 7. Nf3 Bd6 8. O-O Nge7 9. Nbd2 O-O 10. Bxh7+ Kxh7 11. Ng5+ Kg6 12. Qg4 f5 13. Qh4 f4 14. Ndf3 Nf5 15. Qh7+ Kf6 16. g4 fxg3 17. fxg3 Bxg3 18. Nh4 Bxh4 19. Qxh4 Ke7 20. Nh7+ Nxh4 21. Bg5+ Rf6 22. Bxh4 g5 23. Rxf6 gxh4 24. Raf1 Qg3+ 25. Kh1 Qxh3+ 26. Kg1 Qg4+ 27. Kh2 Qg7 0-1

[Event "DM Kort Paaske 1 Grp1 2025"]
[Site "Svendborg"]
[Date "2025.04.12"]
[Round "1"]
[White "Koch Mueller, Oscar"]
[Black "Mermer, Yunus"]
[Result "0-1"]
[WhiteElo "2057"]
[BlackElo "1726"]
[WhiteFideId "1447955"]
[BlackFideId "6374603"]
[EventDate "2025.04.12"]
[EventType "swiss"]
[EventRounds "5"]
[EventCountry "DEN"]
[SourceTitle "Live v. Kasper Jerwiarz"]

1. d4 d5 2. c4 c6 3. Nc3 Nf6 4. e3 e6 5. Nf3 Be7 6. Qc2 O-O 7. b3 Nbd7 8. Bd3 h6 9. O-O b6 10. Bb2 Bb7 11. Rad1 Rc8 12. Rfe1 c5 13. e4 dxe4 14. Nxe4 Nxe4 15. Bxe4 Bxe4 16. Rxe4 Nf6 17. Re2 Qc7 18. d5 exd5 19. cxd5 Rfd8 20. Be5 Qd7 21. Red2 Ne8 22. Qe4 Nd6 23. Qf4 g5 24. Qe3 Nf5 25. Qc3 g4 26. Ne1 Bg5 27. Re2 Re8 28. f4 Bxf4 29. Re4 Nd4 30. Nd3 f5 31. Rxd4 Be3+ 32. Kh1 cxd4 33. Qe1 Qxd5 34. Qg3 Rc3 35. Bf6 Qe4 36. Qd6 Rxd3 37. Rg1 Qe6 38. Qb4 Bxg1 39. Qb5 Bf2 40. h4 Qe1+ 0-1

[Event "DM Kort Paaske 1 Grp1 2025"]
[Site "Svendborg"]
[Date "2025.04.12"]
[Round "1"]
[White "Kromann, Asbjorn Alois Damgaard"]
[Black "Ramsdal, Lasse Andreas"]
[Result "1/2-1/2"]
[WhiteElo "1987"]
[BlackElo "1968"]
[WhiteFideId "1482386"]
[BlackFideId "1440675"]
[EventDate "2025.04.12"]
[EventType "swiss"]
[EventRounds "5"]
[EventCountry "DEN"]
[SourceTitle "Live v. Kasper Jerwiarz"]

1. e4 c5 2. Nf3 d6 3. d4 cxd4 4. Nxd4 Nf6 5. Nc3 Nc6 6. f3 e5 7. Nb3 Be6 8. Be3 d5 9. exd5 Nxd5 10. Nxd5 Qxd5 11. Qxd5 Bxd5 12. O-O-O O-O-O 13. Bb5 a6 14. Bd3 g6 15. c4 Be6 16. Nc5 Bxc5 17. Bxc5 Kc7 18. b3 b6 19. Bf2 f5 20. Rhe1 Rhe8 21. Bg3 Bf7 22. a3 Kb7 23. b4 Rd4 24. b5 axb5 25. cxb5 Na5 26. Rxe5 Rxe5 27. Bxe5 Rd5 28. Bc3 Nb3+ 29. Kb2 Nc5 30. Bc2 Rxd1 31. Bxd1 Bc4 32. a4 Nd3+ 33. Kc2 Nf2 34. a5 Bxb5 35. Kd2 Nxd1 36. Kxd1 Bf1 37. g3 b5 38. Kd2 Kc6 39. Bb4 Bc4 40. Ke3 Kd5 1/2-1/2

[Event "DM Kort Paaske 1 Grp1 2025"]
[Site "Svendborg"]
[Date "2025.04.12"]
[Round "1"]
[White "Madsen, Hans Henrik"]
[Black "Mihaila, Radu Stefan"]
[Result "1-0"]
[WhiteElo "2072"]
[BlackElo "1908"]
[WhiteFideId "1403117"]
[BlackFideId "2852638"]
[EventDate "2025.04.12"]
[EventType "swiss"]
[EventRounds "5"]
[EventCountry "DEN"]
[SourceTitle "Live v. Kasper Jerwiarz"]

1. d4 Nf6 2. Bg5 d5 3. Bxf6 exf6 4. e3 Bd6 5. Nd2 O-O 6. g3 c6 7. Bg2 Re8 8. Ne2 Bf5 9. O-O Qc8 10. c4 Bh3 11. cxd5 Bxg2 12. Kxg2 cxd5 13. Nc3 Bb4 14. Rc1 Bxc3 15. Rxc3 Qd7 16. Qb3 Nc6 17. Rfc1 Rac8 18. Qb5 a6 19. Qb6 Re7 20. b4 Rce8 21. a4 Nd8 22. Rc7 Qe6 23. Rxe7 Qxe7 24. Rc8 Qd7 25. Qc7 Qxc7 26. Rxc7 Nc6 27. Rxb7 Rb8 28. Rxb8+ Nxb8 29. Nb1 Kf8 30. Nc3 Ke7 31. Nxd5+ Kd6 32. Nc3 Nc6 33. b5 Nb4 34. bxa6 Nxa6 35. Kf3 f5 36. Kf4 g6 37. Kg5 Nc7 38. Kf6 h5 1-0

[Event "DM Kort Paaske 1 Grp1 2025"]
[Site "Svendborg"]
[Date "2025.04.12"]
[Round "1"]
[White "Hansen, Simon"]
[Black "Frydendahl, Noah Skotte"]
[Result "0-1"]
[WhiteElo "1863"]
[BlackElo "2040"]
[WhiteFideId "1477820"]
[BlackFideId "1473239"]
[EventDate "2025.04.12"]
[EventType "swiss"]
[EventRounds "5"]
[EventCountry "DEN"]
[SourceTitle "Live v. Kasper Jerwiarz"]

1. f4 d5 2. Nf3 c5 3. b3 Nf6 4. Bb2 g6 5. e3 Bg7 6. Bb5+ Nbd7 7. O-O O-O 8. Qe1 a6 9. Be2 b5 10. d3 Bb7 11. Ne5 Rc8 12. Nd2 Qb6 13. g4 Nxe5 14. Bxe5 Nd7 15. Bxg7 Kxg7 16. Qh4 Qe6 17. Rf3 Qf6 18. Qxf6+ Nxf6 19. Rf2 Nd7 20. Nf3 f6 21. d4 c4 22. b4 Bc6 23. c3 a5 24. a3 Ra8 25. Rff1 Ra7 26. Ne1 axb4 27. cxb4 e5 28. fxe5 fxe5 29. Rxf8 Kxf8 30. g5 exd4 31. exd4 Kg7 32. Bg4 Nb6 33. Nf3 Rf7 34. Ne5 Rf4 35. Rf1 Rxf1+ 36. Kxf1 Be8 37. Ke2 Kf8 38. Be6 Kg7 39. h4 h6 40. Ke3 hxg5 41. hxg5 Kf8 42. Kf4 Ke7 43. Bg8 Kd6 44. Bh7 c3 45. Ke3 Nc4+ 46. Kd3 Nxe5+ 47. dxe5+ Kxe5 48. Kxc3 Bf7 49. Kd3 d4 50. Kd2 Ke4 51. Kc2 Ke3 52. Kd1 d3 0-1

[Event "DM Kort Paaske 1 Grp1 2025"]
[Site "Svendborg"]
[Date "2025.04.12"]
[Round "1"]
[White "Bonnez, Finn"]
[Black "Marcussen, Claus"]
[Result "0-1"]
[WhiteElo "1962"]
[BlackElo "1830"]
[WhiteFideId "1403800"]
[BlackFideId "1506021"]
[EventDate "2025.04.12"]
[EventType "swiss"]
[EventRounds "5"]
[EventCountry "DEN"]
[SourceTitle "Live v. Kasper Jerwiarz"]

1. d4 f5 2. e4 fxe4 3. Nc3 Nf6 4. Bg5 b6 5. Bxf6 exf6 6. Qh5+ g6 7. Qd5 Nc6 8. Bc4 Qe7 9. O-O-O Bb7 10. f3 Na5 11. Qb5 a6 12. Qa4 Bc6 13. Bb5 axb5 14. Nxb5 Bxb5 15. Qxb5 Nc6 16. d5 Ra5 17. Qb3 Ne5 18. d6 cxd6 19. Nh3 Qe6 20. Qxb6 Rxa2 21. b3 Nc6 22. Rde1 d5 23. Kb1 Rxc2 24. Kxc2 Nb4+ 0-1

[Event "DM Kort Paaske 1 Grp1 2025"]
[Site "Svendborg"]
[Date "2025.04.12"]
[Round "1"]
[White "Skytte, Robert"]
[Black "Rasmussen, Steen Hulthin"]
[Result "1-0"]
[WhiteElo "1909"]
[BlackElo "2013"]
[WhiteFideId "1471775"]
[BlackFideId "1419307"]
[EventDate "2025.04.12"]
[EventType "swiss"]
[EventRounds "5"]
[EventCountry "DEN"]
[SourceTitle "Live v. Kasper Jerwiarz"]

1. e4 e6 2. d4 d5 3. Nc3 dxe4 4. Nxe4 Bd7 5. Nf3 Bc6 6. Bd3 Nd7 7. O-O Ngf6 8. Nxf6+ Qxf6 9. Bg5 Bxf3 10. Qd2 Qxd4 11. gxf3 Bd6 12. Rae1 h6 13. Rxe6+ Kf8 14. Re4 Bxh2+ 15. Kg2 Qd6 16. Be7+ 1-0

[Event "DM Kort Paaske 1 Grp1 2025"]
[Site "Svendborg"]
[Date "2025.04.13"]
[Round "2"]
[White "Wahlgreen, Noah Krug"]
[Black "Mermer, Yunus"]
[Result "1-0"]
[WhiteElo "2076"]
[BlackElo "1726"]
[WhiteFideId "1457349"]
[BlackFideId "6374603"]
[EventDate "2025.04.12"]
[EventType "swiss"]
[EventRounds "5"]
[EventCountry "DEN"]
[SourceTitle "Live v. Kasper Jerwiarz"]

1. d4 d5 2. Nf3 Nf6 3. Bf4 c5 4. e3 Nc6 5. Nbd2 cxd4 6. exd4 Bf5 7. c3 e6 8. Qb3 Qc8 9. a4 Be7 10. a5 a6 11. Ne5 O-O 12. Be2 Bd8 13. Nxc6 bxc6 14. Nf3 Be7 15. O-O c5 16. c4 Be4 17. Rac1 dxc4 18. Qxc4 cxd4 19. Qxd4 Qd8 20. Qxd8 Rfxd8 21. Bc7 Rd7 22. Ne5 Rd2 23. Rfe1 Rxb2 24. Nc4 Ra2 25. Nb6 Rf8 26. Bc4 Rd2 27. Bf4 Rdd8 28. Bc7 Rd2 29. Bxa6 Bb4 30. f3 Bd5 31. Red1 Ra2 32. Ra1 Bc5+ 33. Kh1 Rf2 34. Bg3 Rc2 35. Bd3 Ra2 36. Nxd5 Rxa1 37. Nxf6+ gxf6 38. Rxa1 f5 39. Rb1 Kg7 40. Rb8 f4 41. Bxf4 Bd6 42. Bxd6 Rxb8 43. Be5+ f6 44. Bxb8 e5 45. a6 h5 46. a7 h4 47. a8=Q h3 48. Qb7+ Kh6 49. Qh7+ Kg5 50. Qf5+ Kh6 51. Qg6# 1-0

[Event "DM Kort Paaske 1 Grp1 2025"]
[Site "Svendborg"]
[Date "2025.04.13"]
[Round "2"]
[White "Marcussen, Claus"]
[Black "Madsen, Hans Henrik"]
[Result "1/2-1/2"]
[WhiteElo "1830"]
[BlackElo "2072"]
[WhiteFideId "1506021"]
[BlackFideId "1403117"]
[EventDate "2025.04.12"]
[EventType "swiss"]
[EventRounds "5"]
[EventCountry "DEN"]
[SourceTitle "Live v. Kasper Jerwiarz"]

1. f4 d5 2. Nf3 g6 3. e3 Bg7 4. d4 Bg4 5. h3 Bxf3 6. Qxf3 e6 7. Bd3 Ne7 8. c3 Nd7 9. Nd2 f5 10. b3 c6 11. Ba3 Nc8 12. Rc1 Bf8 13. Bxf8 Kxf8 14. g4 Nd6 15. h4 h5 16. gxh5 Rxh5 17. Qh3 Qf6 18. Be2 Rh6 19. Nf3 Ke7 20. Ng5 Rah8 21. h5 Ne4 22. Qg2 gxh5 23. Nxe4 fxe4 24. Rh3 h4 25. Qf2 Qf5 26. Qh2 Qf6 27. Kd2 Nb6 28. Rg1 Nc8 29. Rg5 Nd6 30. Bg4 Nf5 31. Bxf5 exf5 32. Qg2 Rf8 33. Qf2 Rfh8 34. Qg2 1/2-1/2

[Event "DM Kort Paaske 1 Grp1 2025"]
[Site "Svendborg"]
[Date "2025.04.13"]
[Round "2"]
[White "Frydendahl, Noah Skotte"]
[Black "Skytte, Robert"]
[Result "1-0"]
[WhiteElo "2040"]
[BlackElo "1909"]
[WhiteFideId "1473239"]
[BlackFideId "1471775"]
[EventDate "2025.04.12"]
[EventType "swiss"]
[EventRounds "5"]
[EventCountry "DEN"]
[SourceTitle "Live v. Kasper Jerwiarz"]

1. e4 c5 2. Nf3 Nc6 3. d4 cxd4 4. Nxd4 g6 5. c4 Bg7 6. Be3 Nf6 7. Nc3 O-O 8. Be2 b6 9. Qd2 Bb7 10. f3 Nxd4 11. Bxd4 Qc7 12. O-O d6 13. Rac1 Nd7 14. Bxg7 Kxg7 15. Rfd1 Qc5+ 16. Kh1 Bc6 17. Nd5 Rae8 18. b4 Qf2 19. g3 Ne5 20. Rf1 Nxf3 21. Qc3+ Qd4 22. Rxf3 Qxc3 23. Rcxc3 f5 24. Nc7 Bxe4 25. Nxe8+ Rxe8 26. Kg1 Bxf3 27. Bxf3 e5 28. Bd5 e4 29. Kf2 Kf6 30. b5 g5 31. a4 Ke5 32. a5 f4 33. axb6 axb6 34. Ra3 Kd4 35. Ra6 f3 36. Rxb6 e3+ 37. Ke1 g4 38. Rxd6 Ke5 39. Rd7 Rf8 40. Rf7 Rc8 41. Rf4 h5 42. Re4+ Kd6 43. Rxe3 Kc5 44. Re6 Kd4 45. b6 Kd3 46. b7 Rd8 47. Kf2 h4 48. Rd6 hxg3+ 49. hxg3 Rxd6 50. b8=Q Rh6 51. Bxf3 1-0

[Event "DM Kort Paaske 1 Grp1 2025"]
[Site "Svendborg"]
[Date "2025.04.13"]
[Round "2"]
[White "Ramsdal, Lasse Andreas"]
[Black "Koch Mueller, Oscar"]
[Result "1-0"]
[WhiteElo "1968"]
[BlackElo "2057"]
[WhiteFideId "1440675"]
[BlackFideId "1447955"]
[EventDate "2025.04.12"]
[EventType "swiss"]
[EventRounds "5"]
[EventCountry "DEN"]
[SourceTitle "Live v. Kasper Jerwiarz"]

1. d4 Nf6 2. c4 e6 3. Nf3 d5 4. Nc3 Bb4 5. cxd5 exd5 6. Bg5 h6 7. Bh4 O-O 8. e3 Bf5 9. Be2 c6 10. Qb3 Bxc3+ 11. Qxc3 Nbd7 12. Nd2 Re8 13. g4 Bh7 14. Rg1 Ne4 15. Bxd8 Nxc3 16. bxc3 Raxd8 17. g5 hxg5 18. Rxg5 Re6 19. a4 f6 20. Rg2 Be4 21. Nxe4 Rxe4 22. Kd2 Re7 23. h4 c5 24. h5 cxd4 25. cxd4 Nb6 26. h6 g5 27. f4 Nc4+ 28. Bxc4 dxc4 29. fxg5 fxg5 30. Rxg5+ Kh7 31. Rag1 c3+ 32. Kd3 Kxh6 33. Rg6+ Kh7 34. R6g5 Kh6 35. R5g2 Rd5 36. Rh2+ Rh5 37. Rxh5+ Kxh5 38. e4 c2 39. e5 Rd7 40. Ke4 Rc7 41. Rc1 Kg6 42. Kd3 Kf5 43. Rxc2 Rh7 44. Rf2+ Ke6 45. Rf6+ Ke7 46. a5 Rh3+ 47. Kc4 Ra3 48. d5 Rxa5 49. d6+ Kd7 50. Rf7+ Ke8 51. e6 Ra4+ 52. Kb3 Rd4 53. d7+ Kd8 54. Rf8+ Ke7 55. Re8+ Kf6 56. d8=Q+ 1-0

[Event "DM Kort Paaske 1 Grp1 2025"]
[Site "Svendborg"]
[Date "2025.04.13"]
[Round "2"]
[White "Bonnez, Finn"]
[Black "Kromann, Asbjorn Alois Damgaard"]
[Result "0-1"]
[WhiteElo "1962"]
[BlackElo "1987"]
[WhiteFideId "1403800"]
[BlackFideId "1482386"]
[EventDate "2025.04.12"]
[EventType "swiss"]
[EventRounds "5"]
[EventCountry "DEN"]
[SourceTitle "Live v. Kasper Jerwiarz"]

1. d4 Nf6 2. Nf3 e6 3. Bf4 Be7 4. e3 O-O 5. Nbd2 b6 6. c3 c5 7. Bd3 Ba6 8. Bxa6 Nxa6 9. h3 b5 10. O-O b4 11. Qa4 bxc3 12. bxc3 Nc7 13. c4 Qc8 14. Qa5 Na6 15. a3 Nb8 16. Qc3 cxd4 17. Nxd4 Nd5 18. Qd3 Nxf4 19. exf4 Rd8 20. Rac1 Nc6 21. N2f3 Nxd4 22. Nxd4 Qc5 23. a4 d5 24. Nb3 Qb4 25. Qc3 Qxa4 26. cxd5 exd5 27. Qe3 Bf6 28. Nc5 Qb5 29. g4 d4 30. Qf3 a5 31. Nd3 a4 32. g5 Be7 33. Ne5 Bc5 34. Rb1 Qa6 35. Nd3 Bf8 36. f5 Rac8 37. Nf4 Rc5 38. g6 Rxf5 39. gxh7+ Kh8 40. Qe4 Qf6 41. Ng2 a3 42. f4 d3 43. Rbd1 a2 44. Qa4 Qb6+ 45. Kh2 Ra5 46. Qe4 Qb2 0-1

[Event "DM Kort Paaske 1 Grp1 2025"]
[Site "Svendborg"]
[Date "2025.04.13"]
[Round "2"]
[White "Rasmussen, Steen Hulthin"]
[Black "Hansen, Simon"]
[Result "1-0"]
[WhiteElo "2013"]
[BlackElo "1863"]
[WhiteFideId "1419307"]
[BlackFideId "1477820"]
[EventDate "2025.04.12"]
[EventType "swiss"]
[EventRounds "5"]
[EventCountry "DEN"]
[SourceTitle "Live v. Kasper Jerwiarz"]

1. d4 d5 2. c4 e6 3. cxd5 exd5 4. Nc3 Nf6 5. Bg5 c6 6. e3 Bf5 7. Bd3 Bxd3 8. Qxd3 Nbd7 9. Nge2 Bd6 10. Rb1 O-O 11. Bf4 Bxf4 12. Nxf4 Re8 13. O-O Qe7 14. Rfe1 h6 15. f3 Qd6 16. Nfe2 c5 17. b3 a6 18. Rbd1 Rad8 19. dxc5 Nxc5 20. Qd2 Ne6 21. Nd4 Nxd4 22. Qxd4 Qe5 23. Qxe5 Rxe5 24. Kf2 Kf8 25. Rd3 Ke7 26. Red1 Ke6 27. h3 b5 28. f4 Rh5 29. Kf3 Rc8 30. Ne2 Ne4 31. Ng3 Nxg3 32. Kxg3 Rc2 33. Kg4 g6 34. R1d2 Rxd2 35. Rxd2 Rf5 36. Rc2 Kd7 37. Rc5 d4 38. exd4 Rxc5 39. dxc5 b4 40. f5 Kc6 41. fxg6 fxg6 42. Kf4 Kxc5 43. Ke5 a5 44. h4 h5 45. g3 Kc6 46. Kf6 Kd5 47. Kxg6 Kd4 48. Kxh5 Kc3 49. g4 Kb2 50. g5 Kxa2 51. g6 a4 52. bxa4 b3 53. g7 1-0

[Event "DM Kort Paaske 1 Grp1 2025"]
[Site "Svendborg"]
[Date "2025.04.13"]
[Round "2"]
[White "Mihaila, Radu Stefan"]
[Black "Ringsmose, Christian"]
[Result "1/2-1/2"]
[WhiteElo "1908"]
[BlackElo "1944"]
[WhiteFideId "2852638"]
[BlackFideId "1451669"]
[EventDate "2025.04.12"]
[EventType "swiss"]
[EventRounds "5"]
[EventCountry "DEN"]
[SourceTitle "Live v. Kasper Jerwiarz"]

1. e4 c6 2. d4 d5 3. f3 Qb6 4. Nc3 dxe4 5. fxe4 e5 6. Nf3 exd4 7. Qxd4 Qxd4 8. Nxd4 g6 9. Bc4 Bg7 10. Be3 Nf6 11. h3 Nbd7 12. Nf3 Nh5 13. O-O-O h6 14. g4 Ng3 1/2-1/2

[Event "DM Kort Paaske 1 Grp1 2025"]
[Site "Svendborg"]
[Date "2025.04.13"]
[Round "3"]
[White "Frydendahl, Noah Skotte"]
[Black "Wahlgreen, Noah Krug"]
[Result "1-0"]
[WhiteElo "2040"]
[BlackElo "2076"]
[WhiteFideId "1473239"]
[BlackFideId "1457349"]
[EventDate "2025.04.12"]
[EventType "swiss"]
[EventRounds "5"]
[EventCountry "DEN"]
[SourceTitle "Live v. Kasper Jerwiarz"]

1. e4 c6 2. d4 d5 3. exd5 cxd5 4. Bd3 Nc6 5. c3 Qc7 6. h3 e6 7. Nf3 Bd6 8. O-O Nge7 9. Re1 O-O 10. Nbd2 Bd7 11. Nf1 f6 12. Ne3 Rad8 13. Bc2 Rfe8 14. Qd3 Ng6 15. h4 f5 16. Nf1 Nf4 17. Bxf4 Bxf4 18. g3 Bd6 19. Kg2 Na5 20. N1d2 b5 21. b4 Nb7 22. Nb3 Be7 23. Ne5 Bf6 24. Nc5 Nxc5 25. bxc5 Rb8 26. Rab1 Bxe5 27. Rxe5 Qa5 28. Bb3 Bc6 29. Rbe1 Kf7 30. Qe3 Qd8 31. Rxe6 Qd7 32. Qf4 Rxe6 33. Rxe6 Qxe6 34. Qxb8 a5 35. Qc7+ Ke8 36. Qxg7 Qe4+ 37. Kh2 Qf3 38. Qh8+ Kd7 39. Qxh7+ Kc8 40. Kg1 f4 41. Qf5+ Kc7 42. Qxf4+ Qxf4 43. gxf4 Kd7 44. h5 Ke7 45. h6 Kf6 46. h7 Kg7 47. Bc2 b4 48. cxb4 axb4 49. Kg2 Bb5 50. Kf3 Bc4 51. c6 1-0

[Event "DM Kort Paaske 1 Grp1 2025"]
[Site "Svendborg"]
[Date "2025.04.13"]
[Round "3"]
[White "Madsen, Hans Henrik"]
[Black "Ramsdal, Lasse Andreas"]
[Result "1/2-1/2"]
[WhiteElo "2072"]
[BlackElo "1968"]
[WhiteFideId "1403117"]
[BlackFideId "1440675"]
[EventDate "2025.04.12"]
[EventType "swiss"]
[EventRounds "5"]
[EventCountry "DEN"]
[SourceTitle "Live v. Kasper Jerwiarz"]

1. d4 d5 2. c4 c6 3. Nf3 Nf6 4. Nbd2 e6 5. e3 Nbd7 6. b3 Bd6 7. Bb2 O-O 8. Be2 b6 9. O-O Bb7 10. cxd5 cxd5 11. Rc1 Rc8 12. Rc2 Qe7 13. Qb1 Rxc2 14. Qxc2 Rc8 15. Qb1 Rc7 16. Rc1 Qd8 17. Ne5 Bb4 18. Ndf3 Ne4 19. Nxd7 Qxd7 20. Bd3 Qc8 21. Rxc7 Qxc7 22. Qc1 Qxc1+ 23. Bxc1 f6 24. Kf1 Bc6 25. a4 Kf7 26. Ng1 g6 27. f3 Nd6 28. Bb2 b5 29. axb5 Bxb5 30. Bxb5 Nxb5 31. Ke2 Ke7 32. Kd3 Bd6 33. h3 Bb4 34. Ne2 Nd6 35. e4 dxe4+ 36. fxe4 f5 37. exf5 exf5 38. Nf4 a5 39. Bc3 Bxc3 40. Kxc3 g5 41. Nd5+ Ke6 42. Nc7+ Kd7 43. Nd5 Ke6 44. Nc7+ Kd7 45. Nd5 Kc6 46. Nf6 h6 47. Ng8 h5 48. Nf6 h4 49. Nh7 Ne4+ 50. Kc4 g4 51. Nf8 gxh3 52. gxh3 Nd2+ 53. Kc3 Nf3 54. Kc4 Kd6 55. Ng6 Nd2+ 56. Kc3 Ne4+ 57. Kc4 Nd2+ 58. Kc3 Nf3 59. Kc4 Nd2+ 60. Kc3 1/2-1/2

[Event "DM Kort Paaske 1 Grp1 2025"]
[Site "Svendborg"]
[Date "2025.04.13"]
[Round "3"]
[White "Kromann, Asbjorn Alois Damgaard"]
[Black "Marcussen, Claus"]
[Result "1-0"]
[WhiteElo "1987"]
[BlackElo "1830"]
[WhiteFideId "1482386"]
[BlackFideId "1506021"]
[EventDate "2025.04.12"]
[EventType "swiss"]
[EventRounds "5"]
[EventCountry "DEN"]
[SourceTitle "Live v. Kasper Jerwiarz"]

1. e4 d5 2. exd5 Qxd5 3. Nc3 Qd8 4. Nf3 g6 5. Bc4 Nh6 6. O-O Bg7 7. Re1 O-O 8. d3 Bg4 9. h3 Bxf3 10. Qxf3 c6 11. Bg5 Nf5 12. Rxe7 h6 13. Rxf7 Qxg5 14. Rxf5+ 1-0

[Event "DM Kort Paaske 1 Grp1 2025"]
[Site "Svendborg"]
[Date "2025.04.13"]
[Round "3"]
[White "Mermer, Yunus"]
[Black "Rasmussen, Steen Hulthin"]
[Result "1-0"]
[WhiteElo "1726"]
[BlackElo "2013"]
[WhiteFideId "6374603"]
[BlackFideId "1419307"]
[EventDate "2025.04.12"]
[EventType "swiss"]
[EventRounds "5"]
[EventCountry "DEN"]
[SourceTitle "Live v. Kasper Jerwiarz"]

1. d4 e6 2. c4 d5 3. Nf3 Nf6 4. Bg5 Nbd7 5. Nc3 c6 6. e3 Qa5 7. c5 b6 8. cxb6 Nxb6 9. Bd3 Bd6 10. O-O h6 11. Bh4 Nbd7 12. a3 O-O 13. Qe2 c5 14. dxc5 Qxc5 15. Rfc1 Qb6 16. Nb5 Ne5 17. Nxd6 Nxd3 18. Rxc8 Rfxc8 19. Nxc8 Rxc8 20. Qxd3 Qxb2 21. Bxf6 gxf6 22. Qb1 Qe2 23. Qd1 Qb2 24. Nd4 Rc3 25. h3 Rxa3 26. Rb1 Qc3 27. Nb5 1-0

[Event "DM Kort Paaske 1 Grp1 2025"]
[Site "Svendborg"]
[Date "2025.04.13"]
[Round "3"]
[White "Skytte, Robert"]
[Black "Mihaila, Radu Stefan"]
[Result "1/2-1/2"]
[WhiteElo "1909"]
[BlackElo "1908"]
[WhiteFideId "1471775"]
[BlackFideId "2852638"]
[EventDate "2025.04.12"]
[EventType "swiss"]
[EventRounds "5"]
[EventCountry "DEN"]
[SourceTitle "Live v. Kasper Jerwiarz"]

1. e4 c5 2. Nf3 Nc6 3. c3 d6 4. d4 cxd4 5. cxd4 Nf6 6. Nc3 e6 7. Bd3 a6 8. h3 g6 9. O-O Bg7 10. Be3 O-O 11. Qd2 b5 12. Bh6 Bb7 13. Bxg7 Kxg7 14. Ne2 e5 15. d5 Ne7 16. Ne1 Nd7 17. f4 f5 18. fxe5 dxe5 19. Nf3 fxe4 20. Bxe4 Nf6 21. Ng5 Qb6+ 22. Kh2 Bxd5 23. Bxd5 Nfxd5 24. Nc3 Rad8 25. Qe2 Ne3 1/2-1/2

[Event "DM Kort Paaske 1 Grp1 2025"]
[Site "Svendborg"]
[Date "2025.04.13"]
[Round "3"]
[White "Ringsmose, Christian"]
[Black "Hansen, Simon"]
[Result "1-0"]
[WhiteElo "1944"]
[BlackElo "1863"]
[WhiteFideId "1451669"]
[BlackFideId "1477820"]
[EventDate "2025.04.12"]
[EventType "swiss"]
[EventRounds "5"]
[EventCountry "DEN"]
[SourceTitle "Live v. Kasper Jerwiarz"]

1. e4 e6 2. d4 d5 3. Nc3 Nf6 4. Bg5 dxe4 5. Nxe4 Be7 6. Nxf6+ Bxf6 7. Bxf6 Qxf6 8. g3 Bd7 9. Bg2 Bc6 10. Nf3 Nd7 11. O-O O-O 12. Re1 Rad8 13. c3 b6 14. Qe2 Bb7 15. b4 Rfe8 16. a4 Bxf3 17. Qxf3 e5 18. Qxf6 gxf6 19. Bc6 Re7 20. Rad1 Kf8 21. dxe5 fxe5 22. Bxd7 Rdxd7 23. Rxd7 Rxd7 24. Rxe5 Rd3 25. Rh5 Kg7 26. c4 Rb3 27. b5 Rb4 28. c5 Rxa4 29. cxb6 cxb6 30. Rd5 Rb4 31. Kf1 Rb2 32. Kg2 Rb3 33. h4 Rc3 34. g4 Rc5 35. Rxc5 bxc5 36. Kf3 Kf6 37. Ke4 Ke6 38. f4 Kd6 39. f5 c4 40. Kd4 c3 41. Kxc3 Kc5 42. g5 Kd5 43. Kb4 Ke5 44. Ka5 Kxf5 45. Ka6 Kg4 46. Kxa7 Kxh4 47. b6 Kxg5 48. b7 h5 49. b8=Q f5 50. Qg3+ 1-0

[Event "DM Kort Paaske 1 Grp1 2025"]
[Site "Svendborg"]
[Date "2025.04.13"]
[Round "3"]
[White "Koch Mueller, Oscar"]
[Black "Bonnez, Finn"]
[Result "1-0"]
[WhiteElo "2057"]
[BlackElo "1962"]
[WhiteFideId "1447955"]
[BlackFideId "1403800"]
[EventDate "2025.04.12"]
[EventType "swiss"]
[EventRounds "5"]
[EventCountry "DEN"]
[SourceTitle "Live v. Kasper Jerwiarz"]

1. d4 d5 2. c4 c6 3. Nc3 Nf6 4. e3 e6 5. Nf3 Nbd7 6. Qc2 b6 7. b3 Bb7 8. Be2 Rc8 9. O-O Bd6 10. Bb2 O-O 11. Rad1 Re8 12. e4 dxe4 13. Nxe4 Bb8 14. Bd3 Nxe4 15. Bxe4 Nf6 16. Bd3 h6 17. Rfe1 Qc7 18. c5 b5 19. Qe2 Rcd8 20. Bb1 Nd5 21. Qe4 f5 22. Qh4 Qe7 23. Qxe7 Rxe7 24. Ne5 Bxe5 25. Rxe5 Bc8 26. a3 g6 27. Bd3 a6 28. Ra1 Kf7 29. g3 Rdd7 30. Kf1 Ra7 31. Bc1 g5 32. Re1 Kf6 33. Bd2 Rg7 34. a4 Raf7 35. axb5 axb5 36. Ra8 Bd7 37. Rea1 Re7 38. Rh8 Rh7 39. Rf8+ Rhf7 40. Rh8 Rh7 41. Rf8+ Rhf7 42. Rxf7+ Kxf7 43. h4 Kf6 44. Ra8 Re8 45. Ra7 Re7 46. Ba5 Rf7 47. hxg5+ hxg5 48. Ra8 g4 49. Bd8+ Kg6 50. Bh4 Kg7 51. Bg5 Kg6 52. Bd2 Kg7 53. Ke1 Kg6 54. Bf1 Rh7 55. Bg2 Re7 56. Bf4 Rf7 57. Be5 Kh7 58. Kd2 Kg6 59. Rh8 Rh7 60. Rd8 Re7 61. Bf1 Rh7 62. Bd3 Rf7 63. Rg8+ Kh7 64. Rxg4 Nb4 65. Rh4+ Kg6 66. Bb1 Rh7 67. Rxh7 Kxh7 68. Ke2 Nd5 69. Kf3 Kg8 70. g4 Kf7 71. Kg3 Kg6 72. Kh4 Nc3 73. Bd3 Nd5 74. Be2 Bc8 75. g5 Bd7 76. Bh5+ Kh7 77. Bf7 Ne7 78. Kh5 1-0

[Event "DM Kort Paaske 1 Grp1 2025"]
[Site "Svendborg"]
[Date "2025.04.14"]
[Round "4"]
[White "Kromann, Asbjorn Alois Damgaard"]
[Black "Frydendahl, Noah Skotte"]
[Result "1-0"]
[WhiteElo "1987"]
[BlackElo "2040"]
[WhiteFideId "1482386"]
[BlackFideId "1473239"]
[EventDate "2025.04.12"]
[EventType "swiss"]
[EventRounds "5"]
[EventCountry "DEN"]
[SourceTitle "Live v. Kasper Jerwiarz"]

1. e4 c5 2. Nf3 Nc6 3. d4 cxd4 4. Nxd4 Nf6 5. Nc3 e5 6. Ndb5 d6 7. Be3 a6 8. Na3 b5 9. Nd5 Nxd5 10. exd5 Ne7 11. Qd2 f5 12. f3 f4 13. Bf2 g6 14. c4 bxc4 15. Bxc4 Bg7 16. Bd3 O-O 17. Nc4 Rb8 18. O-O g5 19. a4 Rf6 20. Nb6 Bb7 21. Rac1 Nc8 22. a5 h5 23. Nxc8 Rxc8 24. Bb6 Qd7 25. Rxc8+ Bxc8 26. Rc1 g4 27. Rc7 Qe8 28. Qc2 Bd7 29. Rxd7 Qxd7 30. Bxa6 gxf3 31. gxf3 Rf8 32. Kg2 Qe7 33. Qc7 Qg5+ 34. Kf2 Qh4+ 35. Kg2 e4 36. Be2 e3 37. Qc2 Re8 38. Bf1 Re5 39. a6 Qe1 40. Qe2 Rg5+ 41. Kh1 Qa1 42. a7 Rxd5 43. Qa6 Qd1 44. a8=Q+ Kh7 45. Qe2 1-0

[Event "DM Kort Paaske 1 Grp1 2025"]
[Site "Svendborg"]
[Date "2025.04.14"]
[Round "4"]
[White "Wahlgreen, Noah Krug"]
[Black "Madsen, Hans Henrik"]
[Result "1-0"]
[WhiteElo "2076"]
[BlackElo "2072"]
[WhiteFideId "1457349"]
[BlackFideId "1403117"]
[EventDate "2025.04.12"]
[EventType "swiss"]
[EventRounds "5"]
[EventCountry "DEN"]
[SourceTitle "Live v. Kasper Jerwiarz"]

1. e4 d5 2. exd5 Nf6 3. h3 Nxd5 4. Nf3 e6 5. d4 Be7 6. c4 Nf6 7. Nc3 O-O 8. Be3 b6 9. Be2 Bb7 10. O-O Ne4 11. Nxe4 Bxe4 12. Qd2 Nd7 13. Rad1 Nf6 14. Rfe1 a5 15. a3 Qc8 16. Ne5 c5 17. Ng4 Rd8 18. Qc3 Nxg4 19. hxg4 Qb7 20. f3 Bg6 21. dxc5 Bxc5 22. Rxd8+ Rxd8 23. Bxc5 bxc5 24. Qxa5 Ra8 25. Qb5 Qc7 26. Rd1 h6 27. Qd7 Qe5 28. Qd2 Rb8 29. b4 Ra8 30. f4 Qc7 31. Bf3 Rxa3 32. Qd8+ Qxd8 33. Rxd8+ Kh7 34. bxc5 Rc3 35. Rd4 Rd3 36. Rd6 Rc3 37. Be2 Ra3 38. c6 Ra5 39. c7 Rc5 40. f5 exf5 41. Rd5 Rxc7 42. gxf5 Bxf5 43. Rxf5 g6 44. Rd5 1-0